[Event "GER Seniors Derby 05th"]
[Site "Wesel Undeloh"]
[Date "2006.04.22"]
[Round "6"]
[White "Jaksch, Siegfried"]
[Black "Neitzert, Volker"]
[Result "1/2-1/2"]
[WhiteElo "1726"]
[BlackElo "1788"]
[PlyCount "25"]
[EventDate "2006.04.20"]
[EventType "swiss"]
[EventRounds "7"]
[EventCountry "GER"]
[SourceTitle "EXT 2007"]
[Source "ChessBase"]
[SourceDate "2006.11.23"]
[SourceVersion "1"]
[SourceVersionDate "2006.11.23"]
[SourceQuality "1"]

1. e4 c5 2. Nf3 e6 3. d4 cxd4 4. Nxd4 Nf6 5. Nc3 Nc6 6. Be3 Bb4 7. Bd3 d5 8. Nxc6 bxc6 9. exd5 cxd5 10. 0-0 0-0 11. Ne2 a5 12. c4 dxc4 13. Bxc4 1/2-1/2

[Event "GER Seniors Derby 05th"]
[Site "Wesel Undeloh"]
[Date "2006.04.21"]
[Round "4"]
[White "Schallueck, Hans Christian"]
[Black "Jaksch, Siegfried"]
[Result "1/2-1/2"]
[WhiteElo "1679"]
[BlackElo "1726"]
[PlyCount "30"]
[EventDate "2006.04.20"]
[EventType "swiss"]
[EventRounds "7"]
[EventCountry "GER"]
[SourceTitle "EXT 2007"]
[Source "ChessBase"]
[SourceDate "2006.11.23"]
[SourceVersion "1"]
[SourceVersionDate "2006.11.23"]
[SourceQuality "1"]

1. e4 e5 2. Nf3 Nf6 3. d3 Nc6 4. Nc3 Bb4 5. Bd2 d6 6. a3 Bxc3 7. Bxc3 Bg4 8. h3 Bxf3 9. Qxf3 Qe7 10. 0-0-0 0-0-0 11. g4 Nd7 12. Qe3 Nb6 13. d4 exd4 14. Bxd4 Nxd4 15. Qxd4 Qe5 1/2-1/2